Normal view
MARC view
- Adeniji, Olu.
Entry Personal Name
001 - CONTROL NUMBER
- control field: 20628
003 - CONTROL NUMBER IDENTIFIER
- control field: NUST
005 - DATE AND TIME OF LATEST TRANSACTION
- control field: 20190913095752.0
008 - FIXED-LENGTH DATA ELEMENTS
- fixed length control field: 190913|| aca||aabn | a|a d
040 ## - CATALOGING SOURCE
- Original cataloging agency: NUST
- Transcribing agency: NUST
100 ## - HEADING--PERSONAL NAME
- Personal name: Adeniji, Olu.
670 ## - SOURCE DATA FOUND
- Source citation: Work cat.: (NUST)0: Adeniji, Olu., The Treaty of Pelindaba on the African nuclear-weapon-free-zone /, c2002.
